Modern Europe Upto 1945 (Record no. 5118)

MARC details
000 -LEADER
fixed length control field 00488cam a2200193ua 4500
001 - CONTROL NUMBER
control field 5969
005 - DATE AND TIME OF LATEST TRANSACTION
control field 20260515113948.0
008 - FIXED-LENGTH DATA ELEMENTS--GENERAL INFORMATION
fixed length control field 131029n ii |||gr||||Z||||||eng
040 ## - CATALOGING SOURCE
Transcribing agency MAIN
082 ## - DEWEY DECIMAL CLASSIFICATION NUMBER
Classification number 940
100 ## - MAIN ENTRY--PERSONAL NAME
Personal name Hazen,Charles Downer,
Relator term Author.
245 ## - TITLE STATEMENT
Title Modern Europe Upto 1945
Statement of responsibility, etc. by Charles Downer Hazen
250 ## - EDITION STATEMENT
Remainder of edition statement 4th ed.
260 ## - PUBLICATION, DISTRIBUTION, ETC.
Place of publication, distribution, etc. Delhi:
Name of publisher, distributor, etc. S.Chand & Co.,
Date of publication, distribution, etc. 1971.
300 ## - PHYSICAL DESCRIPTION
Extent 312p.
653 ## - INDEX TERM--UNCONTROLLED
Uncontrolled term History of Europe
653 ## - INDEX TERM--UNCONTROLLED
Uncontrolled term Modern Europe Upto 1945
942 ## - ADDED ENTRY ELEMENTS (KOHA)
Koha item type Books
Holdings
Withdrawn status Lost status Damaged status Not for loan Home library Current library Shelving location Date acquired Total checkouts Full call number Barcode Date last seen Copy number Price effective from Koha item type
        Naharkatiya College Library Naharkatiya College Library General stacks 09/19/2020   940 | HAZ 3460 09/19/2020 1 09/19/2020 Books
        Naharkatiya College Library Naharkatiya College Library General stacks 09/19/2020   940 | HAZ 3461 09/19/2020 2 09/19/2020 Books